Пространственный анализ данных публичных картографических сервисов; Молодежь и современные информационные технологии; Т. 1

Bibliographic Details
Parent link:Молодежь и современные информационные технологии: сборник трудов XIV Международной научно-практической конференции студентов, аспирантов и молодых ученых, г. Томск, 7-11 ноября 2016 г./ Национальный исследовательский Томский политехнический университет (ТПУ), Институт кибернетики (ИК) ; под ред. В. С. Аврамчук [и др.].— , 2016
Т. 1.— 2016.— [С. 207-209]
Main Author: Паршина О. В.
Corporate Author: Национальный исследовательский Томский политехнический университет (ТПУ) Институт кибернетики (ИК)
Other Authors: Кудинов А. В. Антон Викторович
Summary:Заглавие с титульного экрана
Language:Russian
Published: 2016
Series:Математическое моделирование и компьютерный анализ данных
Subjects:
Online Access:http://earchive.tpu.ru/handle/11683/36998
Format: Electronic Book Chapter
KOHA link:https://koha.lib.tpu.ru/cgi-bin/koha/opac-detail.pl?biblionumber=622149

MARC

LEADER 00000naa2a2200000 4500
001 622149
005 20231101133209.0
035 |a (RuTPU)RU\TPU\conf\20801 
035 |a RU\TPU\conf\20800 
090 |a 622149 
100 |a 20170207d2016 k y0rusy50 ca 
101 0 |a rus  |g rus 
102 |a RU 
105 |a y z 101zy 
135 |a drgn ---uucaa 
181 0 |a i  
182 0 |a b 
200 1 |a Пространственный анализ данных публичных картографических сервисов  |f О. В. Паршина, А. В. Кудинов 
203 |a Текст  |c электронный 
225 1 |a Математическое моделирование и компьютерный анализ данных 
230 |a 1 компьютерный файл (pdf; 410 Кb) 
300 |a Заглавие с титульного экрана 
320 |a [Библиогр.: с. 208-209 (3 назв.)] 
461 1 |0 (RuTPU)RU\TPU\conf\20573  |t Молодежь и современные информационные технологии  |o сборник трудов XIV Международной научно-практической конференции студентов, аспирантов и молодых ученых, г. Томск, 7-11 ноября 2016 г.  |o в 2 т.  |f Национальный исследовательский Томский политехнический университет (ТПУ), Институт кибернетики (ИК) ; под ред. В. С. Аврамчук [и др.]  |d 2016 
463 0 |0 (RuTPU)RU\TPU\conf\20574  |t Т. 1  |v [С. 207-209]  |d 2016 
610 1 |a труды учёных ТПУ 
610 1 |a электронный ресурс 
610 1 |a пространственный анализ 
610 1 |a данные 
610 1 |a картографические сервисы 
610 1 |a программное обеспечение 
610 1 |a буферные зоны 
610 1 |a утилиты 
700 1 |a Паршина  |b О. В. 
701 1 |a Кудинов  |b А. В.  |c специалист в области автоматического управления  |c доцент Томского политехнического университета, кандидат технических наук  |f 1975-  |g Антон Викторович  |2 stltpush  |3 (RuTPU)RU\TPU\pers\25545 
712 0 2 |a Национальный исследовательский Томский политехнический университет (ТПУ)  |b Институт кибернетики (ИК)  |2 stltpush  |3 (RuTPU)RU\TPU\col\18397 
801 2 |a RU  |b 63413507  |c 20170210  |g RCR 
856 4 |u http://earchive.tpu.ru/handle/11683/36998 
942 |c BK